000
00322nam a2200133Ia 4500
008
150201s2006 xx 000 0 und d
082
_a
616.1
_b
C06B
100
_a
BHARGAVA,SATISH
245
_a
CT AND MRI PROTOCOL
250
_a
1ST
260
_b
PEEPEE
_a
DELHI
_c
2006
650
_a
RADIOLOGY & DIAGNOSIS
942
_2
ddc
_c
BK
_0
39
999
_c
615
_d
615